000 00612nam a2200241Ia 4500
003 OSt
005 20221007072658.0
006 a|||||r|||| 00| 0
007 ta
008 221006b |||||||| |||| 00| 0 eng d
024 _a2,610
037 _cTextual
040 _aFLL
_cFLL
_beng
041 _2eng
_aeng
082 _aZ3:2673, L1
100 _aTerrell Au.
_9691199
245 0 _aLaw of patents
250 _a12th
260 _aLondon
_bSweet & Maxwell U.K.
_c1971
650 _aLaw of patents
_9691200
942 _hZ3:2673, L1
_cTEXL
_2CC
999 _c1146711
_d1146711